MARC details
| 000 -CABECERA |
| campo de control de longitud fija |
00882nam a2200205 a 4500 |
| 001 - NÚMERO DE CONTROL |
| campo de control |
000041186 |
| 005 - FECHA Y HORA DE LA ÚLTIMA TRANSACCIÓN |
| campo de control |
20201002034705.0 |
| 008 - DATOS DE LONGITUD FIJA--INFORMACIÓN GENERAL |
| campo de control de longitud fija |
130925s1992 sp 000 0 spa d |
| 020 ## - NÚMERO INTERNACIONAL ESTÁNDAR DEL LIBRO |
| Número Internacional Estándar del Libro |
8476583303 |
| 040 ## - FUENTE DE LA CATALOGACIÓN |
| Centro catalogador/agencia de origen |
DO-SdBNP |
| Lengua de catalogación |
spa |
| Centro/agencia transcriptor |
BNPHU |
| 245 00 - MENCIÓN DE TÍTULO |
| Título |
Cuestiones Epistemológicas : |
| Resto del título |
materiales para una filosofía de la religión / |
| Mención de responsabilidad, etc. |
coordinadores Gómez Caffarena , J.M. Mardones. |
| 260 ## - PUBLICACIÓN, DISTRIBUCIÓN, ETC. |
| Lugar de publicación, distribución, etc. |
Madrid : |
| Nombre del editor, distribuidor, etc. |
Anthropos, |
| Fecha de publicación, distribución, etc. |
1992. |
| 300 ## - DESCRIPCIÓN FÍSICA |
| Extensión |
v. (300 p.) ; |
| Dimensiones |
20 cm. |
| 490 1# - MENCIÓN DE SERIE |
| Mención de serie |
Pensamiento crítico/Pensamiento utópico |
| -- |
filosofía de la religión |
| Designación de volumen o secuencia |
64 |
| 504 ## - NOTA DE BIBLIOGRAFÍA, ETC. |
| Nota de bibliografía, etc. |
Incluye referencias bibliográficas y notas al pie de las páginas |
| 505 0# - NOTA DE CONTENIDO CON FORMATO |
| Nota de contenido con formato |
v.1 : |
| Título |
materiales para una filosofía de la religión |
| 700 1# - PUNTO DE ACCESO ADICIONAL--NOMBRE DE PERSONA |
| Nombre de persona |
Caffarena, Gómez |
| Término indicativo de función/relación |
coor |
| 9 (RLIN) |
67751 |
| 700 ## - PUNTO DE ACCESO ADICIONAL--NOMBRE DE PERSONA |
| Nombre de persona |
Mardones, J.M. |
| Término indicativo de función/relación |
coor. |
| 9 (RLIN) |
67752 |
| 830 #0 - PUNTO DE ACCESO ADICIONAL DE SERIE-TÍTULO UNIFORME |
| Título uniforme |
Pensamiento crítico/Pensamiento utópico |
| Nombre de parte o sección de la obra |
filosofía de la religión |
| Número de parte o sección de la obra |
64 |
| 9 (RLIN) |
67753 |